[Event "AUTO-MASTER-2182"]
[Site "http://www.queenalice.com/game.php?id=1333211"]
[Date "2015.1.6"]
[Round "2"]
[White "Bruscato"]
[Black "WilsonFerreira"]
[Result "0-1"]
[WhiteElo "2088"]
[BlackElo "2155"]

1. e4 c5 2. Nf3 d6 3. Nc3 g6 4. Bc4 Bg7 5. d3 Nf6 6. Bg5 Bg4 7. h3 Bd7 8. Qd2 a6
9. O-O-O b5 10. Bxf6 Bxf6 11. Bd5 Bc6 12. Bxc6+ Nxc6 13. Nd5 e6 14. Nxf6+ Qxf6
15. Qg5 Qxg5+ 16. Nxg5 h6 17. Nf3 a5 18. Rhe1 Kd7 19. e5 d5 20. Nd2 Ke7 21. f4
c4 22. dxc4 bxc4 23. Nf3 Rhb8 24. c3 Rb6 25. Rd2 Rab8 26. Ree2 a4 27. a3 Na5 28.
Rc2 Nb3+ 29. Kd1 Nc5 30. g3 Nd3 31. Nd4 Kd7 32. h4 Nxb2+ 33. Kd2 Nd3 34. Ke3 Rb1
35. h5 gxh5 36. Rh2 Rg1 37. Rh3 Rbb1 38. Ne2 Rgf1 39. Rxh5 Rf3+ 40. Kxf3 Ne1+
41. Kg4 Nxc2 42. Rxh6 Nxa3 43. Rh7 Ke7 44. Nd4 Re1 45. Kg5 Re3 46. g4 Nb1 47.
Nb5 Nxc3 48. Nd6 Ne4+ 49. Nxe4 Rxe4 50. Rh3 d4 51. Ra3 d3 52. Rxa4 d2 53. Ra7+
Kf8 0-1

[Event "AUTO-MASTER-2182"]
[Site "http://www.queenalice.com/game.php?id=1333212"]
[Date "2015.1.6"]
[Round "2"]
[White "WilsonFerreira"]
[Black "artegasparphb"]
[Result "0-1"]
[WhiteElo "2087"]
[BlackElo "2004"]

1. e4 e5 2. Nf3 d6 3. d4 exd4 4. Nxd4 Nf6 5. Nc3 Be7 6. Be3 O-O 7. Bd3 c5 8. Nf5
Bxf5 9. exf5 d5 10. Bg5 c4 11. Be2 Nc6 12. Bxf6 Bxf6 13. Nxd5 Qa5+ 14. c3 Be5
15. Bxc4 Rad8 16. Qb3 Nd4 17. Qd1 Nb5 18. O-O Nd6 19. Bb3 Nxf5 20. Qg4 Rxd5 21.
Bxd5 Qxd5 22. Rad1 Qe6 23. Rfe1 Qf6 24. Qe4 Bd6 25. g4 Nh4 26. Re3 Ng6 27. Rd5
Bf4 28. Rf3 Qe6 29. Qxe6 fxe6 30. Rd4 Bxh2+ 31. Kg2 Nh4+ 0-1

[Event "AUTO-MASTER-2182"]
[Site "http://www.queenalice.com/game.php?id=1333213"]
[Date "2015.1.6"]
[Round "2"]
[White "artegasparphb"]
[Black "WilsonFerreira"]
[Result "1-0"]
[WhiteElo "2125"]
[BlackElo "2127"]

1. e4 c5 2. d4 cxd4 3. Nf3 e5 4. Nxe5 Qa5+ 5. c3 Qxe5 6. cxd4 Qxe4+ 7. Be3 Bb4+
8. Nc3 Bxc3+ 9. bxc3 Nf6 10. Qd2 d5 11. f3 Qe7 12. Bd3 O-O 13. O-O Nc6 14. Rae1
Qa3 15. Bg5 Qd6 16. Bf4 Qd8 17. Bg5 Be6 18. f4 Rc8 19. f5 Bd7 20. Rf3 Na5 21.
Rg3 Qb6 22. Bh6 Nh5 23. Rxg7+ Kh8 24. Rxh7+ Kxh7 25. f6+ Kh8 26. Bg7+ 1-0

[Event "SP x MA!"]
[Site "http://www.queenalice.com/game.php?id=1336461"]
[Date "2015.1.23"]
[Round "-"]
[White "Rafaelpimentel"]
[Black "WilsonFerreira"]
[Result "0-1"]
[WhiteElo "2179"]
[BlackElo "2120"]

1. e4 c5 2. Nf3 d6 3. Bc4 e6 4. d3 g6 5. c3 Bg7 6. Nbd2 Ne7 7. Bb3 O-O 8. Nf1
Nbc6 9. Ne3 a6 10. Qe2 b5 11. Bd2 Bb7 12. O-O-O a5 13. g4 a4 14. Bc2 b4 15. Kb1
bxc3 16. bxc3 Qb6+ 0-1

[Event "MA x SP!"]
[Site "http://www.queenalice.com/game.php?id=1336462"]
[Date "2015.1.23"]
[Round "-"]
[White "WilsonFerreira"]
[Black "Rafaelpimentel"]
[Result "1/2-1/2"]
[WhiteElo "2054"]
[BlackElo "2172"]

1. e4 c5 2. Nf3 d6 3. d4 cxd4 4. Nxd4 Nf6 5. Nc3 Nc6 6. Be3 Ng4 7. Qd2 g6 8. h3
Nxe3 9. Qxe3 Bg7 10. Nxc6 bxc6 11. Bc4 O-O 12. O-O Qb6 13. Qxb6 axb6 14. f4 b5
15. Bb3 Bxc3 16. bxc3 Be6 17. f5 Bd7 18. Rf3 Kg7 19. Raf1 f6 20. h4 Rfd8 21. g4
Ra7 22. g5 Rf8 23. fxg6 hxg6 24. gxf6+ Rxf6 25. Rg3 Kh6 26. Bf7 Rxf1+ 1/2-1/2

[Event "AUTO-ADV-3246"]
[Site "http://www.queenalice.com/game.php?id=1337649"]
[Date "2015.1.28"]
[Round "2"]
[White "WilsonFerreira"]
[Black "yclaudiu35"]
[Result "1/2-1/2"]
[WhiteElo "2125"]
[BlackElo "2003"]

1. e4 e5 2. Nf3 Nc6 3. Bc4 h6 4. d4 exd4 5. Nxd4 Qe7 6. O-O Nxd4 7. Qxd4 d6 8.
f4 f6 9. f5 Qe5 10. Qf2 b6 11. Bd5 Rb8 12. Qe2 Ne7 13. Bf4 Qxb2 14. Qh5+ Kd8 15.
Nd2 Qxc2 16. Nc4 Nxd5 17. exd5 Qxf5 18. Qf7 Qd7 19. Qg6 Qe8 20. Qc2 Bb7 21. Rfe1
Qf7 22. Qa4 Bxd5 23. Rac1 Bxc4 24. Rxc4 a5 25. Qc6 Qd7 26. Qd5 Be7 27. Rce4 Re8
28. Qf7 g5 29. Bd2 d5 30. Rxe7 Rxe7 31. Qxf6 c6 32. Rxe7 Qxe7 33. Qxh6 Kd7 34.
h3 Rg8 35. Qh5 Qg7 36. Qg4+ Kd6 37. Qg3+ Kc5 38. Qa3+ Kb5 39. Qd3+ Kc5 40. Qa3+
1/2-1/2

[Event "AUTO-ADV-3246"]
[Site "http://www.queenalice.com/game.php?id=1337650"]
[Date "2015.1.28"]
[Round "2"]
[White "yclaudiu35"]
[Black "WilsonFerreira"]
[Result "1/2-1/2"]
[WhiteElo "1907"]
[BlackElo "2134"]

1. e4 e5 2. Nf3 d6 3. a3 Nf6 4. Nc3 Be7 5. d4 Bg4 6. d5 Nbd7 7. Bb5 a6 8. Be2
Nc5 9. Be3 Ncxe4 10. h3 Nxc3 11. bxc3 Bd7 12. c4 c6 13. O-O O-O 14. c3 Ne4 15.
Qc2 Ng5 16. Qd2 Nxf3+ 17. Bxf3 Bf6 18. Rab1 Rb8 19. Bb6 Qc8 20. c5 cxd5 21. Qxd5
Bc6 22. Qxd6 Bxf3 23. gxf3 Qxh3 24. Qd3 Bg5 25. Rfd1 Bf4 26. Qd7 Qxf3 27. Qd3
Qh5 28. Kf1 Rfe8 29. Qe4 Qh3+ 30. Ke2 Qxc3 31. Rh1 g6 32. Qd3 Qxd3+ 33. Kxd3 e4+
34. Ke2 Re6 35. Rh4 g5 36. Rh3 f5 37. Ba7 Rd8 38. Rxb7 h6 39. Rb2 g4 40. Rh1 Rd7
41. Bb6 Rd3 42. a4 Ra3 43. a5 e3 44. f3 gxf3+ 45. Kxf3 Be5 46. Re2 Rg6 47. Rh3
f4 48. Ke4 Bb8 49. Kf5 Kg7 50. Ke4 Ra4+ 51. Kf3 1/2-1/2

[Event "AUTO-ADV-3246"]
[Site "http://www.queenalice.com/game.php?id=1337651"]
[Date "2015.1.28"]
[Round "2"]
[White "WilsonFerreira"]
[Black "kuntakinte"]
[Result "1-0"]
[WhiteElo "2153"]
[BlackElo "1761"]

1. e4 e5 2. Bc4 c5 3. Nf3 d6 4. d3 Bg4 5. Nc3 Nf6 6. Bg5 Be7 7. Bxf6 Bxf6 8. h3
Bxf3 9. Qxf3 a5 10. Nd5 O-O 11. g4 Nc6 12. c3 a4 13. Rg1 Rb8 14. a3 b5 15. Ba2
b4 16. axb4 cxb4 17. cxb4 Nxb4 18. Nxb4 Rxb4 19. Rb1 Qa5 20. Kf1 Qa6 21. Kg2
Rfb8 22. g5 R8b7 23. gxf6 g6 24. Qe3 Rxb2 25. Qh6 Rxf2+ 26. Kxf2 Qa7+ 27. Kg2
1-0

[Event "AUTO-ADV-3246"]
[Site "http://www.queenalice.com/game.php?id=1337652"]
[Date "2015.1.28"]
[Round "2"]
[White "kuntakinte"]
[Black "WilsonFerreira"]
[Result "0-1"]
[WhiteElo "1759"]
[BlackElo "2154"]

1. e4 c5 2. e5 d6 3. Nf3 Bg4 4. Be2 e6 5. d4 Nd7 6. O-O cxd4 7. Qxd4 Bxf3 8.
Bxf3 Nxe5 9. Bxb7 Rb8 10. Ba6 Nf6 11. Nc3 Rb6 12. Bb5+ Ned7 13. Ba4 Be7 14. Nb5
a6 15. Na3 O-O 16. Nc4 Rb4 17. b3 d5 18. c3 Rxa4 19. bxa4 dxc4 20. Qxc4 Qb6 21.
Be3 Qa5 22. Rab1 Qh5 23. h3 Ne5 24. Bf4 Nxc4 25. Rb7 Bc5 26. Rc7 Ne4 27. Kh2
Nxf2 0-1

[Event "LMX Mail"]
[Site "http://www.queenalice.com/game.php?id=1339664"]
[Date "2015.2.5"]
[Round "3"]
[White "WilsonFerreira"]
[Black "wedsm"]
[Result "0-1"]
[WhiteElo "2165"]
[BlackElo "2133"]

1. e4 c5 2. Nf3 d6 3. c3 Nf6 4. e5 dxe5 5. Nxe5 Nbd7 6. Bb5 e6 7. d3 Bd6 8. Nxd7
Bxd7 9. Bxd7+ Nxd7 10. Qg4 O-O 11. O-O Ne5 12. Qe4 Nxd3 13. Qxb7 Qh4 14. h3 Rfb8
15. Qf3 Ne5 16. Qd1 Rd8 17. Qe2 Rd7 18. Nd2 Qf4 0-1

[Event "AUTO-MASTER-2260"]
[Site "http://www.queenalice.com/game.php?id=1345894"]
[Date "2015.3.6"]
[Round "1"]
[White "Deton"]
[Black "WilsonFerreira"]
[Result "1-0"]
[WhiteElo "2081"]
[BlackElo "2115"]

1. d4 d5 2. c4 Nf6 3. Nc3 e6 4. Nf3 Be7 5. h3 O-O 6. e3 c5 7. Bd3 Nbd7 8. cxd5
Nxd5 9. Nxd5 exd5 10. dxc5 Nxc5 11. Bc2 Be6 12. O-O Bd6 13. Nd4 Qd7 14. Nxe6
fxe6 15. b3 Rf7 16. Bb2 Raf8 17. Qg4 Qe7 18. Qh5 Ne4 19. f3 g6 20. Qg4 Ng3 21.
Bxg6 hxg6 22. Qxg6+ Rg7 23. Bxg7 Qxg7 24. Qxe6+ 1-0

[Event "AUTO-MASTER-2260"]
[Site "http://www.queenalice.com/game.php?id=1345895"]
[Date "2015.3.6"]
[Round "1"]
[White "WilsonFerreira"]
[Black "Deton"]
[Result "0-1"]
[WhiteElo "2021"]
[BlackElo "2077"]

1. e4 e5 2. Bc4 d6 3. Nc3 c6 4. d4 Qe7 5. Be3 Nf6 6. Nge2 h6 7. Qd3 Be6 8. O-O-O
b5 9. Bxe6 Qxe6 10. d5 Qd7 11. dxc6 Nxc6 12. Nxb5 Rd8 13. f4 Nb4 14. Qc4 Nxc2
15. Nc7+ Ke7 16. Qxc2 Rc8 17. fxe5 Ne8 18. exd6+ Nxd6 19. e5 Kd8 20. exd6 g5 21.
Kb1 Qg4 22. Bd4 Rg8 23. Bf6+ Kd7 24. h3 Qb4 25. Qf5+ Kc6 26. Qxc8 Qe4+ 0-1

[Event "AUTO-MASTER-2260"]
[Site "http://www.queenalice.com/game.php?id=1345910"]
[Date "2015.3.6"]
[Round "1"]
[White "Gera"]
[Black "WilsonFerreira"]
[Result "1-0"]
[WhiteElo "1971"]
[BlackElo "2059"]

1. e4 c5 2. d3 d6 3. Bf4 e5 4. Bg3 Be7 5. Ne2 Nf6 6. f4 Nc6 7. Nbc3 Bg4 8. Qd2
Qb6 9. O-O-O Rc8 10. Kb1 Nd4 11. Bf2 a5 12. h3 Bxe2 13. Nxe2 Qc7 14. Rc1 b5 15.
Nxd4 cxd4 16. Be2 b4 17. g4 h6 18. g5 hxg5 19. fxg5 Nxe4 20. dxe4 Qc6 21. Bd3 d5
22. h4 dxe4 23. Bg3 exd3 24. cxd3 Qd5 25. Rxc8+ Bd8 26. Rhc1 O-O 27. R8c5 Qf3
28. Bxe5 Qh3 29. g6 Qxh4 30. Qc2 fxg6 31. Qc4+ Kh7 32. a3 1-0

[Event "AUTO-MASTER-2260"]
[Site "http://www.queenalice.com/game.php?id=1345911"]
[Date "2015.3.6"]
[Round "1"]
[White "WilsonFerreira"]
[Black "Gera"]
[Result "0-1"]
[WhiteElo "2039"]
[BlackElo "1991"]

1. e4 e5 2. Nf3 d6 3. Bc4 Bg4 4. h3 Bxf3 5. Qxf3 Nf6 6. d3 Be7 7. Nc3 O-O 8. Be3
Nc6 9. O-O-O Nd4 10. Bxd4 exd4 11. Nd5 Nxd5 12. Bxd5 c6 13. Bb3 Qc7 14. g4 a5
15. a3 b5 16. h4 Kh8 17. g5 Qd7 18. Rdg1 f5 19. h5 fxe4 20. Qxe4 c5 21. Be6 Qc7
22. f4 Rad8 23. f5 Rfe8 24. h6 gxh6 25. Rxh6 Bf8 26. Rh5 d5 27. Qh4 Re7 28. g6
Qe5 0-1

[Event "AUTO-MASTER-2260"]
[Site "http://www.queenalice.com/game.php?id=1345922"]
[Date "2015.3.6"]
[Round "1"]
[White "WilsonFerreira"]
[Black "Toru"]
[Result "0-1"]
[WhiteElo "2102"]
[BlackElo "2100"]

1. e4 c5 2. f4 Nc6 3. Nf3 d6 4. Bc4 e6 5. O-O a6 6. c3 b5 7. Bb3 c4 8. Bc2 Nf6
9. d4 Bb7 10. Be3 Be7 11. e5 Nd5 12. Qe2 O-O 13. f5 Nxe3 14. Qxe3 dxe5 15. Nxe5
Nxe5 16. Qxe5 Qd5 17. Qg3 Bd6 18. Qh3 exf5 19. Rxf5 Qe6 20. Nd2 g6 21. Rff1 Qxh3
22. gxh3 f5 23. Rae1 Rae8 24. b3 Rxe1 25. Rxe1 Bd5 0-1

[Event "AUTO-MASTER-2260"]
[Site "http://www.queenalice.com/game.php?id=1345923"]
[Date "2015.3.6"]
[Round "1"]
[White "Toru"]
[Black "WilsonFerreira"]
[Result "1-0"]
[WhiteElo "2112"]
[BlackElo "2068"]

1. d4 d5 2. c4 dxc4 3. e4 b5 4. a4 c6 5. axb5 cxb5 6. b3 Bb7 7. bxc4 bxc4 8. Nc3
g6 9. Bxc4 Bg7 10. Nf3 Nf6 11. e5 Ne4 12. Nxe4 Bxe4 13. Bxf7+ Kxf7 14. Ng5+ Ke8
15. Nxe4 Nc6 16. Be3 Rf8 17. O-O Rf5 18. Qa4 Qd7 19. Rfc1 Nd8 20. Qxd7+ Kxd7 21.
f4 Ne6 22. Rcb1 Nxf4 23. Bxf4 Rxf4 24. Nc5+ Ke8 25. Ne6 Rf7 26. Nc7+ 1-0

[Event "AUTO-MASTER-2187"]
[Site "http://www.queenalice.com/game.php?id=1355424"]
[Date "2015.4.24"]
[Round "2"]
[White "WilsonFerreira"]
[Black "amarkin"]
[Result "0-1"]
[WhiteElo "1991"]
[BlackElo "2517"]

1. e4 e5 2. Nf3 Nc6 3. Bc4 Bc5 4. O-O Nf6 5. d3 O-O 6. Bg5 h6 7. Bh4 d6 8. Nc3
g5 9. Bg3 Nd4 10. Nxd4 Bxd4 11. h4 Bg4 12. Qd2 Nh5 13. Kh2 gxh4 14. Qxh6 Qf6 15.
Qxf6 hxg3+ 16. fxg3 Nxf6 17. Rxf6 Kg7 18. Raf1 Rh8+ 0-1

[Event "AUTO-MASTER-2187"]
[Site "http://www.queenalice.com/game.php?id=1355425"]
[Date "2015.4.24"]
[Round "2"]
[White "amarkin"]
[Black "WilsonFerreira"]
[Result "1-0"]
[WhiteElo "2518"]
[BlackElo "1989"]

1. d4 Nf6 2. c4 d5 3. Nf3 Bg4 4. cxd5 Nxd5 5. Ne5 Bh5 6. g4 Bg6 7. Bg2 e6 8. O-O
Bd6 9. e4 Nb6 10. Nxg6 hxg6 11. e5 Nc6 12. exd6 Qxd6 13. h3 O-O-O 14. Qf3 Qxd4
15. Qxf7 Qd3 16. Qxe6+ Kb8 17. Nc3 1-0